000 00726nam a2200229Ia 4500
003 OSt
005 20230612132916.0
008 210423s2015 xx 000 0 und d
020 _a978-93-5202-577-0
040 _cAL
041 _aeng
082 _a658.15
_223
_bKULF
100 _aKULKARNI (P V);SATYAPRASAD (B G)
_976162
245 _aFinancial management: a conceptual approach with problems cases and review questions Ed 14
250 _a14
260 _aMumbai
_bHimalaya Publishing House
_c2015
300 _a756
_bPB
365 _b610
_cINR
650 _aFinancial Management
_976163
906 _a14 ; approach ; cases ; conceptual ; Financial ; management: ; problems ; questions ; review
942 _2ddc
_cBK
999 _c168648
_d168648